Historiography of Europeans in Africa and Asia, 1450-1800
Αποθηκεύτηκε σε:
| Άλλοι συγγραφείς: | |
|---|---|
| Μορφή: | Βιβλίο |
| Γλώσσα: | English |
| Δημοσίευση: |
Aldershot, Hampshire :
Variorum,
1995
|
| Σειρά: | Expanding world ;
; vol. 4 |
| Θέματα: | |
| Ετικέτες: |
Προσθήκη ετικέτας
Δεν υπάρχουν, Καταχωρήστε ετικέτα πρώτοι!
|
MARC
| LEADER | 00000nam a2200000 i 4500 | ||
|---|---|---|---|
| 001 | 1/12221 | ||
| 008 | 980126s1995 eng d | ||
| 020 | |a 0-86078-503-3 | ||
| 035 | |1 ΠΑΡ |a 1997 |l 10018545 | ||
| 040 | |a GR-MY-UA |b gre |e aacr | ||
| 041 | 0 | |a eng | |
| 082 | 0 | |a 303.482604 | |
| 245 | 1 | 0 | |a Historiography of Europeans in Africa and Asia, 1450-1800 / |c Edited by Anthony Disney |
| 260 | |a Aldershot, Hampshire : |b Variorum, |c 1995 | ||
| 300 | |a 324 p. |b fig.; maps; tables | ||
| 490 | 1 | |a Expanding world |v ; vol. 4 | |
| 504 | |a Includes index | ||
| 651 | 0 | |a Asia |x History. | |
| 651 | 0 | |a Africa |x History |y To 1884. | |
| 651 | 0 | |a Asia |x Relations |z Europe. | |
| 651 | 0 | |a Europe |x Relations |z Asia. | |
| 651 | 0 | |a Africa |x Relations |z Europe. | |
| 651 | 0 | |a Europe |x Relations |z Africa. | |
| 651 | 0 | |a Asia |x Historiography. | |
| 651 | 0 | |a Africa |x Historiography. | |
| 700 | 1 | |a Disney, A. R. |q (Anthony R.) |d 1938- |4 edt | |
| 830 | 0 | |a Expanding world ; |v ; vol. 4 | |
| 852 | |a INST |b LESVOS |e 19980126 |h 303.482604 HIS |p 005100015246 |q 005100015246 |t BK |y 0 | ||
| 909 | |a Λ |b 052702 | ||
| 950 | |a 120-1996-07-16 | ||